Culturas populares y política cultural. (Record no. 10555)

MARC details
000 -CABECERA
campo de control de longitud fija 01171nam a2200253 a 4500
001 - NÚMERO DE CONTROL
campo de control BRL_1747
005 - FECHA Y HORA DE LA ÚLTIMA TRANSACCIÓN
campo de control 20190320211342.0
008 - DATOS DE LONGITUD FIJA--INFORMACIÓN GENERAL
campo de control de longitud fija 270715s1982----mx-#######---#000-0#spa-#
041 ## - CÓDIGO DE LENGUA
Código de lengua del texto/banda sonora o título independiente spa
044 ## - CÓDIGO DEL PAÍS DE LA ENTIDAD EDITORA/PRODUCTORA
Código MARC del país mx
050 #4 - SIGNATURA TOPOGRÁFICA DE LA BIBLIOTECA DEL CONGRESO
Número de clasificación HM621
Número de documento/Ítem .C85 1982
245 10 - MENCIÓN DE TÍTULO
Título Culturas populares y política cultural.
Mención de responsabilidad, etc. Guillermo Bonfil Batalla...[et al.]
260 ## - PUBLICACIÓN, DISTRIBUCIÓN, ETC.
Lugar de publicación, distribución, etc. México
Nombre del editor, distribuidor, etc. Museo de Culturas Populares ; SEP
Fecha de publicación, distribución, etc. 1982
300 ## - DESCRIPCIÓN FÍSICA
Extensión 137 p.
Dimensiones 21 cm
500 ## - NOTA GENERAL
Nota general Au1998
500 ## - NOTA GENERAL
Nota general Esta publicación recoge las ponencias presentadas en el primer Coloquio sobre Culturas Populares y Política Cultural, organizado por el Museo de Culturas Populares, que se llevó a cabo en el Centro de Estudios Económicos y Sociales del Tercer Mundo los días 22 y 23 de abril de 1982.
650 14 - PUNTO DE ACCESO ADICIONAL DE MATERIA--TÉRMINO DE MATERIA
Término de materia o nombre geográfico como elemento de entrada Cultura popular
Subdivisión de forma Congresos
Subdivisión geográfica México
9 (RLIN) 27774
650 14 - PUNTO DE ACCESO ADICIONAL DE MATERIA--TÉRMINO DE MATERIA
Término de materia o nombre geográfico como elemento de entrada Política cultural
Subdivisión de forma Congresos
9 (RLIN) 27775
650 14 - PUNTO DE ACCESO ADICIONAL DE MATERIA--TÉRMINO DE MATERIA
Término de materia o nombre geográfico como elemento de entrada Pluralismo (Ciencias sociales)
Subdivisión de forma Congresos
Subdivisión geográfica México
9 (RLIN) 27776
700 1# - PUNTO DE ACCESO ADICIONAL--NOMBRE DE PERSONA
Nombre de persona Bonfil Batalla, Guillermo
9 (RLIN) 27777
711 2# - PUNTO DE ACCESO ADICIONAL--NOMBRE DE REUNIÓN/CONGRESO
Nombre de congreso/reunión o jurisdicción como elemento de entrada Coloquio sobre Culturas Populares y Poliìtica Cultural
Fecha del congreso/reunión (1982
Sede del congreso/Lugar de la reunión Centro de Estudios Economicos y Sociales del Tercer Mundo)
9 (RLIN) 27778
902 ## - CATALOGADOR
Iniciales GRL
942 ## - ELEMENTOS DE PUNTO DE ACCESO ADICIONAL (KOHA)
Fuente del sistema de clasificación o colocación Library of Congress Classification
Tipo de ítem Koha Libros
Holdings
Estado de retiro Estado de pérdida Estado dañado No para préstamo Localización permanente Ubicación/localización actual Fecha de adquisición Número de inventario Total de préstamos Signatura topográfica completa Código de barras Fecha visto por última vez Precio válido a partir de Tipo de ítem Koha
El ejemplar forma parte de la colección y puede ser consultado según las políticas vigentes.       Biblioteca Centro de Estudios Ruth D. Lechuga Biblioteca Centro de Estudios Ruth D. Lechuga 27/07/2015 Au1998   HM621 .C85 1982 (Au1998) GRL01913 22/03/2019 22/03/2019 Libros